00739 a2200193 45000010006000000050017000060080041000230030015000640400040000790800034001192450029001530200018001822640068002003000019002685050172002871000024004597000036004837000026005192694220260407155547.0260407a1974 arg spa dAR-UNSa-BCEJYS aAR-UNSa-BCEJYSbspacAR-UNSa-BCEJYS a711(450)xUrbanismo en Italia10aLa politica de la ciudad a84-7088-122-1 1aMadrid :bInstituto de Estudios de Administración Localc1974 a285 p.c21 cm. a1. La cuestión urbana y la cuestión meridional - 2. Los términos metropolitanos de la cuestión urbana - 3. La prospectiva metropolitana del problema meridional1 aCompagna, Francesco1 aBarrios Salinas, María Isabel1 aMoreu Randon, María